000 00296nam a22001217a 4500
020 _a0-02-946227-4
082 _a604.2 GIE
100 _aGIESECKE FREDERICKE E ,MITCHELL ALVA
_961337
245 _aPRINCIPLES OF ENGINEERING GRAPHICS
260 _aPDF
_bPDF
_c1990
300 _a703P
942 _cBK
999 _c570825
_d570825